Dokumentácia interného audítora v oblastí účtovania a vykazovania miezd diplomová práca

Uložené v:
Podrobná bibliografia
Hlavný autor: Husárová, Jana
Korporativný autor: Fakulta hospodárskej informatiky EU. Katedra účtovníctva a audítorstva
Ďalší autori: Kastlerová, Sylvia
Médium: Kniha
Jazyk:Slovak
Vydavateľské údaje: Bratislava 2012
Tagy: Pridať tag
Žiadne tagy, Buďte prvý, kto otaguje tento záznam!

MARC

LEADER 00000nbm a2200000 4500
001 0154821
005 20161109102146.8
041 0 |a slo 
044 |a SK 
245 1 0 |a Dokumentácia interného audítora v oblastí účtovania a vykazovania miezd  |b diplomová práca  |c Jana Husárová ; školiteľ: Sylvia Kastlerová 
264 1 |a Bratislava  |c 2012 
300 |a 65 s. 
100 1 |a Husárová, Jana 
700 1 |a Kastlerová, Sylvia 
710 2 |a Fakulta hospodárskej informatiky EU. Katedra účtovníctva a audítorstva